| 000 | 00780nam a22002297a 4500 | ||
|---|---|---|---|
| 003 | OSt | ||
| 005 | 20230201141232.0 | ||
| 008 | 221006b |||||||| |||| 00| 0 eng d | ||
| 040 | _cBiblioteca Lado V | ||
| 082 |
_a940.6 _bF634e |
||
| 100 |
_9710 _aFlores Sancho, Adrian _eautor |
||
| 245 |
_aExpediente 2132 - 97/ _bSVETOSLAV S./ |
||
| 260 |
_aCosta Rica _bEdiciones 1390 _c2020 |
||
| 300 |
_c13x17cm _a52p. |
||
| 490 | _vvolumen II | ||
| 650 | 0 |
_2Tesauro de Arte & Arquitectura _aLITERATURA _9702 |
|
| 650 |
_2Tesauro de Arte & Arquitectura _aARTE |
||
| 650 |
_2Tesauro de Arte & Arquitectura _aARCHIVO |
||
| 650 |
_2Tesauro de Arte & Arquitectura _aRECOPILACION |
||
| 650 |
_2Tesauro de Arte & Arquitectura _aMEMORIA |
||
| 942 |
_2ddc _c1 _h940.6 _iF634e _n0 |
||
| 999 |
_c3015 _d3015 |
||